Kathavatthu edited by Arnold C Talylor (Record no. 125817)

MARC details
000 -LEADER
fixed length control field 00707nam a2200253Ia 4500
003 - CONTROL NUMBER IDENTIFIER
control field OSt
005 - DATE AND TIME OF LATEST TRANSACTION
control field 20220918164647.0
008 - FIXED-LENGTH DATA ELEMENTS--GENERAL INFORMATION
fixed length control field 220917b |||||||| |||| 00| 0 eng d
020 ## - INTERNATIONAL STANDARD BOOK NUMBER
International Standard Book Number 0710004346 (hbk)
037 ## - SOURCE OF ACQUISITION
Terms of availability Textual
040 ## - CATALOGING SOURCE
Original cataloging agency ARTS
Transcribing agency ARTS
Language of cataloging eng
041 ## - LANGUAGE CODE
Source of code eng
Language code of text/sound track or separate title eng
245 #0 - TITLE STATEMENT
Title Kathavatthu edited by Arnold C Talylor
260 ## - PUBLICATION, DISTRIBUTION, ETC.
Place of publication, distribution, etc. London
Name of publisher, distributor, etc. The Pali society
Date of publication, distribution, etc. 1979
300 ## - PHYSICAL DESCRIPTION
Extent 2v
Dimensions cm.
490 ## - SERIES STATEMENT
Series statement Pali text society /text series; 48,49. Original text in roman script
650 ## - SUBJECT ADDED ENTRY--TOPICAL TERM
Topical term or geographic name entry element RELIGION
942 ## - ADDED ENTRY ELEMENTS (KOHA)
Classification part Q41:233, 1511L9
Koha item type Textual
Source of classification or shelving scheme Colon Classification (CC)
Holdings
Withdrawn status Lost status Damaged status Not for loan Home library Current library Date acquired Total Checkouts Full call number Barcode Date last seen Price effective from Koha item type
        Arts Library Arts Library 2022-09-18   Q41:233 1511L9 AL1213848 2022-09-18 2022-09-18 Textual
Copyright @ Delhi University Library System